| 000 | 01077cam a2200289 i 4500 | ||
|---|---|---|---|
| 999 |
_c9762 _d9762 |
||
| 003 | OSt | ||
| 005 | 20220525104219.0 | ||
| 008 | 151201s2016 nyua 001 0 eng | ||
| 010 | _a 2015047210 | ||
| 020 | _a9781616892555 (alk. paper) | ||
| 040 |
_aDLC _beng _cDLC _erda _dDLC |
||
| 042 | _apcc | ||
| 082 | 0 | 0 |
_a724.6 _223 _bLEW |
| 100 | 1 |
_aLewis, Paul, _d1966- _eauthor. |
|
| 245 | 1 | 0 |
_aManual of section / _cLewis.Tsurumaki.Lewis, Paul Lewis, Marc Tsurumaki, David J. Lewis. |
| 300 |
_a207 pages : _billustrations ; _c28 cm |
||
| 500 | _aIncludes indexes. | ||
| 650 | 0 | _aArchitectural sections. | |
| 650 | 0 |
_aArchitecture, Modern _y20th century _vDesigns and plans. |
|
| 650 | 0 |
_aArchitecture, Modern _y21st century _vDesigns and plans. |
|
| 700 | 1 |
_aTsurumaki, Marc, _d1965- _eauthor. |
|
| 700 | 1 |
_aLewis, David J., _d1966- _eauthor. |
|
| 710 | 2 | _aLewis.Tsurumaki.Lewis. | |
| 906 |
_a7 _bcbc _corignew _d1 _eecip _f20 _gy-gencatlg |
||
| 942 | _2ddc | ||